| 000 | 00501cam a22001571 4500 | ||
|---|---|---|---|
| 082 |
_a624 _bWIN _cL-21,P-06 |
||
| 100 | 1 |
_aWine,Traut. _947317 |
|
| 245 | 1 | 0 |
_aCivil engineering reference book. _cWine,Traut. |
| 260 |
_aLondon, _bButterworths Scientific Publications _c1951 [i.e. 1952] |
||
| 300 |
_axii, 1528 p. _billus. _c18 cm. |
||
| 526 |
_a0 _b0 _c0 _d624_000000000000000_WIN |
||
| 650 | 0 | _aCivil engineering | |
| 650 | 0 |
_aEngineering _xTables. _939482 |
|
| 700 | 1 |
_aComrie, J. _947318 |
|
| 942 |
_2ddc _cBK |
||
| 999 |
_c550605 _d550605 |
||